| 000 | 02727nam2a22003731 4500 | ||
|---|---|---|---|
| 001 | rc\3503964 | ||
| 005 | 20260406113742.0 | ||
| 021 |
_aRU _bРг16213-83 |
||
| 021 |
_aRU _b83-42681 |
||
| 035 | _a(NLR Aleph) 007677250 | ||
| 090 |
_a6499301 _c6499301 |
||
| 100 | _a20130115d1983 |||y0rusy50 ca | ||
| 101 | 0 | _arus | |
| 102 | _aRU | ||
| 105 | _aa z ||||| | ||
| 200 | 1 |
_aФлора Восточного Хангая (МНР) _f[Л.Г. Бязров, И.А. Губанов, Э. Ганболд и др. _gРедкол.: А.К. Скворцов (отв. ред.) и др.] _g[АН СССР, Акад. наук МНР, Совмест. сов.-монг. комплекс. биол. экспедиция _gРедкол.: Е.М. Лавренко, В.Е. Соколов (гл. редакторы) и др.] |
|
| 210 |
_aМосква _cНаука _d1983 |
||
| 215 |
_a185 с. _cил. _d26 |
||
| 300 | _aНа обл. только загл. тома | ||
| 320 | _aБиблиогр.: с. 165-166 | ||
| 461 | 0 |
_1001rc\3503945 _12001#$aБиологические ресурсы и природные условия Монгольской Народной Республики$dБугд найрамдах Монгол ард улсын байгалийн баялаг$e[Сборник статей$fРед. коллегия: Е.М. Лавренко (гл. ред.) и др.]$g[АН СССР. Зоол. ин-т. АН МНР. Ин-т биологии. Совместная Сов.-Монг. комплексная биол. экспедиция]$vТ. 20 _96499110 _cЛенинград _d1972- _fРед. коллегия: Е.М. Лавренко (гл. ред.) и др.] _lБугд найрамдах Монгол ард улсын байгалийн баялаг _nНаука. Ленингр. отд-ние _o[Сборник статей _tБиологические ресурсы и природные условия Монгольской Народной Республики _y5020265993 _vТ. 20 |
|
| 532 | 1 | 2 | _aФлора Восточного Хангая Монгольская Народная Республика |
| 701 | 1 |
_4070 _7ca _8rus _aГубанов _bИ. А. _f1933-2005 _gИван Алексеевич _9138711 _3RU\NLR\AUTH\770138746 |
|
| 701 | 1 |
_aГанболд _bЭ. |
|
| 701 | 1 |
_aБязров _bЛ. _gЛ.Г |
|
| 702 | 1 |
_aЛавренко _bЕ.М. _gЕвгений Михайлович _4340 |
|
| 702 | 1 |
_aСкворцов _bА.К. _4340 |
|
| 702 | 1 |
_4340 _8rus _7ca _aСоколов _bВ. Е. _cд-р биол. наук _f1928-1998 _gВладимир Евгеньевич _3RU\NLR\AUTH\77146 _9110223 |
|
| 801 | 0 |
_aRU _bNLR _gpsbo |
|
| 801 | 1 |
_aRU _bELAR _2rusmarc |
|
| 852 |
_aNLR _j72-7/635 |
||
| 942 | _cBOOK | ||
| 980 | _aNB | ||